| 000 | 00000nam 2200000zi 4500 |
| 001 | 9.911114 |
| 003 | CaOODSP |
| 005 | 20221107182302 |
| 006 | m o d f |
| 007 | cr cn||||||||| |
| 008 | 220512t19881988onc ob f000 0 eng d |
| 020 | |z066256166X |
| 040 | |aCaOODSP|beng|erda|cCaOODSP |
| 043 | |an-cn--- |
| 086 | 1 |aJ32-3/40-1988E-PDF|zJ32-3/40 |
| 100 | 1 |aWebb, Kernaghan R., |eauthor. |
| 245 | 10|aPollution control in Canada : |bthe regulatory approach in the 1980s : a study paper / |cprepared for the Law Reform Commission of Canada by Kernaghan Webb. |
| 264 | 1|aOttawa, Canada : |bLaw Reform Commission of Canada, |c[1988] |
| 264 | 4|c©1988 |
| 300 | |a1 online resource (91 pages). |
| 336 | |atext|btxt|2rdacontent |
| 337 | |acomputer|bc|2rdamedia |
| 338 | |aonline resource|bcr|2rdacarrier |
| 490 | 1 |aStudy paper - Law Reform Commission ; |v40 |
| 490 | 1 |aAdministrative law series |
| 500 | |aDigitized edition from print [by Department of Justice Canada]. |
| 500 | |aIssued also in French under title: La lutte contre la pollution au Canada : la réglementation des années quatre-vingt. |
| 504 | |aIncludes bibliographic references. |
| 650 | 0|aPollution|xLaw and legislation|zCanada. |
| 710 | 1 |aCanada.|bLaw Reform Commission of Canada, |eissuing body. |
| 775 | 08|tLa lutte contre la pollution au Canada : |w(CaOODSP)9.911113 |
| 830 | #0|aStudy paper (Canada. Law Reform Commission of Canada)|v40.|w(CaOODSP)9.910319 |
| 856 | 40|qPDF|s1.26 MB|uhttps://publications.gc.ca/collections/collection_2022/jus/j32-3/J32-3-40-1988-eng.pdf |